Loading...
| Fine Arts - Classical Music | 0 | 11 | 0 | 1 | 110 | 46 | 85.73 | 9 | 11 | 0.00 | 0.00 |
| Fine Arts - Painting & Sculpture | 0 | 11 | 0 | 1 | 110 | 30 | 78.45 | 10 | 11 | 0.00 | 0.00 |
| Literature - European | 0 | 11 | 0 | 0 | 110 | 58 | 89.18 | 11 | 11 | 0.00 | 0.00 |
| Literature - World | 0 | 10 | 0 | 1 | 100 | 53 | 76.60 | 10 | 10 | 0.00 | 0.00 |
| Literature - American | 0 | 10 | 1 | 0 | 95 | 42 | 82.60 | 6 | 10 | 0.00 | 0.00 |
| Fine Arts - Other | 0 | 8 | 1 | 1 | 75 | 12 | 85.38 | 6 | 8 | 0.00 | 0.00 |
| Literature - British | 0 | 8 | 2 | 0 | 70 | 41 | 76.13 | 6 | 8 | 0.00 | 0.00 |
| History - Other | 0 | 5 | 1 | 1 | 45 | 26 | 89.20 | 2 | 5 | 0.00 | 0.00 |
| Philosophy | 0 | 4 | 0 | 0 | 40 | 76 | 106.75 | 2 | 4 | 0.00 | 0.00 |
| Religion | 0 | 5 | 2 | 2 | 40 | 48 | 107.00 | 1 | 5 | 0.00 | 0.00 |
| History - World | 0 | 4 | 2 | 0 | 30 | 30 | 51.75 | 4 | 4 | 0.00 | 0.00 |
| Science - Other | 0 | 3 | 0 | 1 | 30 | 89 | 114.00 | 2 | 3 | 0.00 | 0.00 |
| Other | 0 | 3 | 0 | 0 | 30 | 84 | 88.33 | 2 | 3 | 0.00 | 0.00 |
| Science - Chemistry | 0 | 2 | 0 | 0 | 20 | 104 | 114.00 | 1 | 2 | 0.00 | 0.00 |
| Social Science | 0 | 2 | 0 | 0 | 20 | 98 | 98.50 | 2 | 2 | 0.00 | 0.00 |
| Mythology | 0 | 3 | 2 | 0 | 20 | 41 | 88.33 | 3 | 3 | 0.00 | 0.00 |
| Science - Physics | 0 | 1 | 0 | 0 | 10 | 128 | 128.00 | 0 | 1 | 0.00 | 0.00 |
| History - European | 0 | 1 | 1 | 0 | 5 | 77 | 77.00 | 1 | 1 | 0.00 | 0.00 |
| History - American | 0 | 1 | 1 | 1 | 5 | 135 | 135.00 | 0 | 1 | 0.00 | 0.00 |